000 01145cam a2200373 i 4500
001 000660
003 DO-SdBNP
005 20180208131504.0
007 000660
008 161108b 1996 sp a ||||| |||| 00| 0 spa d
015 _a
017 _a
_b
020 _a8420447579
035 _a
040 _aBPMSU
_bspa
_cBPMSU
_e
080 _a
100 1 _aDorris, Michael
240 1 _aMorning girl.
_lEspañol
245 1 0 _aTaínos /
_cMichael Dorris ; traducción de Miguel Martínez-Lage ; ilustraciones de Viví Escrivá.
_h
250 _a1ª reimp.
260 _aMadrid :
_bAlfaguara,
_c1996.
300 _a110 p. :
_bil. ;
_c20 cm.
490 1 _aAlfaguara infantil
500 _aPara niños a partir de los 10 años.
500 _aPrimera reimpresión: julio 1996
500 _aIncluye datos del autor en la solapa de la contracubierta.
521 _aA partir de los 10 años.
700 1 2 _aMartínez-Lage, Miguel,
_etr.
700 1 2 _aEscrivá, Viví,
_eil.
830 0 _aAlfaguara infantil
942 _2ddc
_cBK
945 _aInventariado, 2018/MFF
956 _aLOPEREZ
_810
_cBPMSU
_220161108
_300041
999 _c11851
_d11851